000 00486nam a2200193Ia 4500
003 GCL
008 140319s9999 xx 000 0 eng d
040 _aGCL /
_cGCL
082 0 4 _aCH
_b507
_bO T
100 1 _aO'CALLAGHAN, KAREN
245 1 0 _aTIERE, PFLANZEN UND DIE ERDE /
_cO'CALLAGHAN, KAREN
260 _a[S.N] :
_bPESTALOZZI- VERLAG ،
_c1988
300 _a77
650 0 4 _aSCIENCE
650 0 4 _aGERMAN LANGUAGE
650 0 4 _aCHILDREN
650 0 4 _aBOTANY
942 _2ddc
_cBK
999 _c17723
_d17723